00552 2200205 4500001002100000005001700021008004100038020001800079035002400097082000800121090002100129100002100150245004600171250001100217260003100228300002700259500002500286650001500311999002000326YOGYA-0411000000003020110401100211.0 ind  a979-672-606-8 0010-041100000000030 a370 a370bBukcPlDEP aBUKHORI, Mokhtar aPendidikan antisipatoris/Mochtar Buchori. aCet.1. aYogyakartabKanisiusc2001 a204 hlm.bilusc23 cm. aTermasuk bibliografi aPendidikan aCB-D.11 2001-35